German - English Pokemon Names - Statistics

General Stats
  • This quiz has been taken 10 times
  • The average score is 9 of 27
Answer Stats
Generation German Name English Name % Correct
1 Schlurp Lickitung
75%
4 Panferno Monferno
63%
2 Morlord Quagsire
50%
2 Icognito Unown
50%
9 Dummimisel Dudunsparce
38%
6 Psiau Espurr
38%
5 Lichtel Litwick
38%
4 Schlapor Lopunny
38%
5 Maracamba Maractus
38%
3 Nasgnet Nosepass
38%
1 Quapsel Poliwag
38%
7 Gufa Pyukumuku
38%
7 Bauz Rowlet
38%
3 Seemops Spheal
38%
7 Velursi Stufful
38%
2 Griffel Aipom
25%
3 Palimpalim Chimecho
25%
9 Yuyu Chi-Yu
25%
8 Kubuin Eiscue
25%
8 Legios Falinks
25%
5 Somnivora Musharna
25%
6 UHaFnir Noivern
25%
9 Schlurm Orthworm
25%
8 Bähmon Impidimp
13%
4 Moterpel Mothim
13%
6 Purmel Scatterbug
13%
1 Ultrigaria Weepinbell
13%
No matching quizzes found
Score Distribution
Percent of People with Each Score
Percentile by Number Answered
Your Score History
You have not taken this quiz